[Event "3.Città di Padova Op.B, Elo<1900"]
[Site "Padova Ex Fornace Carotta"]
[Date "2000.12.02"]
[Round "1.18"]
[White "Gennari, Leone"]
[Black "Bonafede, Alessandro"]
[Result "1-0"]
[WhiteElo "1705"]
[BlackElo "1500"]
[Annotator "Gabriele Ballarin"]
[PlyCount "97"]
[EventDate "2000.12.02"]
[EventType "swiss"]
[EventRounds "6"]
[EventCountry "ITA"]

1. d4 d5 2. c4 e6 3. Nc3 Nf6 4. Nf3 c5 5. Bf4 Bd6 6. Bxd6 Qxd6 7. e3 Nc6 8. Be2 O-O 9. O-O Rd8 10. cxd5 Nxd5 11. Ne4 Qe7 12. Nxc5 b6 13. Nd3 Bb7 14. a3 Rac8 15. Rc1 Na5 16. Rxc8 Rxc8 17. Qb1 Nc4 18. Nde5 Nxe5 19. Nxe5 Qc7 20. Bd3 h6 21. h3 Kf8 22. Rd1 Kg8 23. Rd2 Qc1+ 24. Qxc1 Rxc1+ 25. Kh2 Kf8 26. Kg3 Ke7 27. Rc2 Rxc2 28. Bxc2 f6 29. Nf3 Kd6 30. Bd3 Nc7 31. Nd2 Ba6 32. Bxa6 Nxa6 33. e4 Nc7 34. Kf3 Nb5 35. Ke3 Nc7 36. f4 Kc6 37. g4 Kd6 38. Kd3 b5 39. Nf1 a6 40. Ng3 g6 41. f5 g5 42. Nh5 Ne8 43. Kc3 exf5 44. gxf5 a5 45. a4 Kc6 46. axb5+ Kxb5 47. Kb3 a4+ 48. Kc3 Kc6 49. Kb4 1-0

[Event "3.Città di Padova Op.B, Elo<1900"]
[Site "Padova Ex Fornace Carotta"]
[Date "2000.12.02"]
[Round "1.19"]
[White "Chinellato, Marco"]
[Black "Allegranti, Luca"]
[Result "0-1"]
[WhiteElo "1500"]
[BlackElo "1702"]
[Annotator "Gabriele Ballarin"]
[PlyCount "105"]
[EventDate "2000.12.02"]
[EventType "swiss"]
[EventRounds "6"]
[EventCountry "ITA"]

1. e4 e6 2. Nf3 d5 3. d3 dxe4 4. dxe4 Qxd1+ 5. Kxd1 Bc5 6. Bf4 Nf6 7. Bg3 Nxe4 8. Ke1 Nc6 9. Bb5 Bd7 10. Bxc6 Bxc6 11. Ke2 Bb5+ 12. Ke1 f6 13. Nbd2 Nxg3 14. hxg3 O-O-O 15. Nb3 Bb6 16. a4 Bc4 17. a5 Bxb3 18. axb6 Bxc2 19. bxa7 Kd7 20. Rh4 e5 21. Rc4 Bb3 22. Rb4 Bd5 23. g4 c5 24. Rba4 b6 25. g5 Kc7 26. gxf6 gxf6 27. Rg4 Ba8 28. Rd1 Rxd1+ 29. Kxd1 Rd8+ 30. Kc1 Rd7 31. Rg8 Kb7 32. Rf8 Kxa7 33. Rxf6 e4 34. Ne5 Rg7 35. g3 Bd5 36. Kd2 Ka6 37. Ke3 Ka5 38. Rd6 Ba2 39. Kxe4 b5 40. Rf6 Kb4 41. Rd6 Kb3 42. Rd2 Bb1+ 43. Ke3 Re7 44. f4 c4 45. Kd4 Rc7 46. Rf2 Bc2 47. f5 Bxf5 48. Rxf5 Kxb2 49. Rf2+ Kb3 50. Rf3+ c3 51. Rf1 c2 52. Rc1 h5 53. Rf1 0-1

[Event "3.Città di Padova Op.B, Elo<1900"]
[Site "Padova Ex Fornace Carotta"]
[Date "2000.12.02"]
[Round "1.20"]
[White "Zanirato, Stefano"]
[Black "Menegollo, Carlo"]
[Result "1/2-1/2"]
[WhiteElo "1683"]
[BlackElo "1500"]
[Annotator "Gabriele Ballarin"]
[PlyCount "113"]
[EventDate "2000.12.02"]
[EventType "swiss"]
[EventRounds "6"]
[EventCountry "ITA"]

1. Nf3 d5 2. d3 Nc6 3. c3 h6 4. Qc2 Nf6 5. e4 Qd6 6. b4 a6 7. Be2 Bg4 8. Nbd2 Ne5 9. a4 c6 10. h3 Bh5 11. Ba3 Qc7 12. Nxe5 Bxe2 13. Nxf7 Bxd3 14. Qxd3 Kxf7 15. O-O e6 16. c4 Rd8 17. cxd5 exd5 18. Qb3 Bd6 19. exd5 Nxd5 20. Nf3 Rhe8 21. Rfe1 Kg8 22. Rac1 Qf7 23. b5 Nf4 24. Qxf7+ Kxf7 25. Bxd6 Rxe1+ 26. Rxe1 Rxd6 27. Ne5+ Kf6 28. Ng4+ Kf7 29. bxa6 bxa6 30. Rb1 c5 31. Rb7+ Kg8 32. Ne3 Ne2+ 33. Kf1 Nc3 34. a5 Rf6 35. Rb6 Na4 36. Rxf6 gxf6 37. Nd5 c4 38. Nxf6+ Kf7 39. Ne4 Ke6 40. Ke2 Kd5 41. f3 Nb2 42. Kd2 Kd4 43. Kc2 c3 44. Nxc3 Nc4 45. Nd1 Nxa5 46. g4 Ke5 47. Ne3 Kf4 48. Nf5 Kxf3 49. Nxh6 Kg3 50. g5 Nc6 51. g6 Ne7 52. g7 Kxh3 53. Nf5 Ng8 54. Kd3 Kg4 55. Ke4 Kg5 56. Ke5 Kg6 57. Nd6 1/2-1/2

[Event "3.Città di Padova Op.B, Elo<1900"]
[Site "Padova Ex Fornace Carotta"]
[Date "2000.12.02"]
[Round "1.21"]
[White "Muzhaqi, Halit"]
[Black "Busi, Massimo"]
[Result "0-1"]
[WhiteElo "1500"]
[BlackElo "1672"]
[Annotator "Gabriele Ballarin"]
[PlyCount "105"]
[EventDate "2000.12.02"]
[EventType "swiss"]
[EventRounds "6"]
[EventCountry "ITA"]

{[%evp 0,100,21,28,28,25,25,22,22,12,12,0,5,5,3,-15,-4,-7,-9,-15,212,209,209,196,197,205,245,245,242,205,239,244,321,222,237,235,322,206,167,147,180,131,181,173,168,184,216,216,227,182,186,183,195,198,199,195,206,195,206,243,239,194,177,177,177,175,201,165,251,233,233,190,190,196,196,184,215,180,180,168,184,131,127,139,149,41,30,49,161,160,216,125,221,238,29,0,0,-253,-253,-265,-265,-456,-464]} 1. e4 e5 2. Nf3 Nf6 3. Nc3 Nc6 4. Bc4 Bc5 5. O-O O-O 6. a3 d6 7. h3 a6 8. Re1 Be6 9. Nd5 Na5 10. Nxf6+ Qxf6 11. Bxe6 fxe6 12. b4 Bb6 13. bxa5 Bxa5 14. Bb2 Bb6 15. d4 Rad8 16. Re2 Qg6 17. Qd3 Rf4 18. g3 Rdf8 19. Nh2 R4f7 20. Rf1 Qh5 21. Kg2 exd4 22. f4 Qc5 23. Nf3 e5 24. f5 h6 25. Nh4 Ba7 26. Ng6 Re8 27. Bc1 b5 28. g4 Qc3 29. Qxc3 dxc3 30. Rf3 Bd4 31. g5 hxg5 32. Bxg5 c5 33. Rg3 d5 34. exd5 Rd7 35. Rg4 Kf7 36. Kf3 Rxd5 37. Ke4 Rd7 38. Rh4 a5 39. Rh8 b4 40. axb4 cxb4 41. Rxe8 Kxe8 42. Nxe5 Bxe5 43. Kxe5 Kf7 44. Re4 Rb7 45. Kd6 a4 46. Kc6 Rb8 47. Re7+ Kf8 48. Ra7 b3 49. Be7+ Kg8 50. cxb3 axb3 51. f6 gxf6 52. Bxf6 b2 53. Rg7+ 0-1

[Event "3.Città di Padova Op.B, Elo<1900"]
[Site "Padova Ex Fornace Carotta"]
[Date "2000.12.02"]
[Round "1.22"]
[White "Marson, Luca"]
[Black "Trimboli, Carlo"]
[Result "1-0"]
[WhiteElo "1666"]
[BlackElo "1500"]
[Annotator "Gabriele Ballarin"]
[PlyCount "69"]
[EventDate "2000.12.02"]
[EventType "swiss"]
[EventRounds "6"]
[EventCountry "ITA"]

1. e4 e5 2. Nf3 Nc6 3. Bb5 a6 4. Ba4 Nge7 5. O-O d6 6. c3 Bg4 7. d3 h6 8. Nbd2 b5 9. Bb3 Ng6 10. h3 Bd7 11. Re1 Be7 12. Nf1 Bf6 13. Ng3 O-O 14. Nh5 Qe7 15. Be3 Nd8 16. Kh2 Ne6 17. g3 Ng5 18. Nxg5 Bxg5 19. f4 exf4 20. gxf4 Bf6 21. Rg1 Kh7 22. Qf3 Rg8 23. Raf1 a5 24. Nxf6+ Qxf6 25. Bc2 Bc6 26. d4 Kh8 27. f5 Ne7 28. Qh5 g5 29. fxg6 Qg7 30. Bxh6 Nxg6 31. Bxg7+ Kxg7 32. Qf5 Raf8 33. Rg5 Be8 34. Qf6+ Kh6 35. Rf4 1-0

[Event "3.Città di Padova Op.B, Elo<1900"]
[Site "Padova Ex Fornace Carotta"]
[Date "2000.12.02"]
[Round "1.23"]
[White "Zannol, Roberto"]
[Black "Zangrando, Gianpietro"]
[Result "0-1"]
[WhiteElo "1500"]
[BlackElo "1662"]
[Annotator "Gabriele Ballarin"]
[PlyCount "116"]
[EventDate "2000.12.02"]
[EventType "swiss"]
[EventRounds "6"]
[EventCountry "ITA"]

1. e4 c6 2. Nc3 d5 3. Qf3 d4 4. Bc4 e6 5. Nce2 Qb6 6. Qg3 Na6 7. Nf3 c5 8. O-O Nf6 9. d3 Nb4 10. c3 Nc6 11. Rb1 Nh5 12. Qh4 g6 13. Bg5 Bg7 14. Nf4 Nxf4 15. Qxf4 O-O 16. Bf6 Bxf6 17. Qxf6 Qd8 18. Qf4 a6 19. Qh6 Qf6 20. Ng5 Qg7 21. Qxg7+ Kxg7 22. f4 Na5 23. Bb3 Nxb3 24. axb3 Bd7 25. e5 Bc6 26. c4 Rfd8 27. Ra1 Rd7 28. Ra3 a5 29. Rfa1 b6 30. Nh3 Rg8 31. Nf2 h5 32. h4 Rf8 33. Re1 Re7 34. Ne4 Bxe4 35. Rxe4 Ra8 36. Kf2 Rea7 37. Re1 Re7 38. g3 Rf8 39. Raa1 f6 40. exf6+ Rxf6 41. Re5 Rf5 42. Rae1 Rxe5 43. Rxe5 Kf6 44. Ke2 Ra7 45. Kf3 a4 46. b4 cxb4 47. Rb5 a3 48. bxa3 bxa3 49. Rb1 a2 50. Ra1 Kf5 51. Kf2 Kg4 52. Kg2 Ra3 53. Kf2 Kh3 54. Rh1+ Kg4 55. Ra1 Rxd3 56. Rxa2 Rxg3 57. Re2 Rf3+ 58. Ke1 Re3 0-1

[Event "3.Città di Padova Op.B, Elo<1900"]
[Site "Padova Ex Fornace Carotta"]
[Date "2000.12.02"]
[Round "1.24"]
[White "Negro, Raffaele"]
[Black "Varotto, Adriano"]
[Result "1-0"]
[WhiteElo "1651"]
[BlackElo "1500"]
[Annotator "Gabriele Ballarin"]
[PlyCount "79"]
[EventDate "2000.12.02"]
[EventType "swiss"]
[EventRounds "6"]
[EventCountry "ITA"]

1. Nf3 Nc6 2. g3 e5 3. d3 Nf6 4. Bg2 d6 5. O-O Be7 6. e4 O-O 7. c3 Be6 8. Ng5 Bd7 9. Na3 h6 10. Nf3 Bg4 11. h3 Bxf3 12. Qxf3 Nh7 13. Qg4 Bg5 14. f4 exf4 15. gxf4 Bh4 16. Nb5 Rc8 17. Be3 a6 18. Nd4 Nxd4 19. Bxd4 Bf6 20. e5 dxe5 21. fxe5 Bh4 22. Bxb7 Rb8 23. Bxa6 Rxb2 24. Bc4 Qg5 25. e6 Qxg4+ 26. hxg4 fxe6 27. Bxe6+ Kh8 28. Rxf8+ Nxf8 29. Bf5 Bf6 30. Bxf6 gxf6 31. a4 Rb7 32. a5 Kg7 33. a6 Ra7 34. Bc8 c5 35. Ra5 Nd7 36. Bxd7 Rxd7 37. a7 Rxa7 38. Rxa7+ Kg6 39. Kg2 Kg5 40. Kg3 1-0

[Event "3.Città di Padova Op.B, Elo<1900"]
[Site "Padova Ex Fornace Carotta"]
[Date "2000.12.02"]
[Round "1.25"]
[White "Lucisano, Pierbasilio"]
[Black "Troise, Salvatore"]
[Result "1-0"]
[WhiteElo "1485"]
[BlackElo "1648"]
[Annotator "Gabriele Ballarin"]
[PlyCount "83"]
[EventDate "2000.12.02"]
[EventType "swiss"]
[EventRounds "6"]
[EventCountry "ITA"]

1. e4 c5 2. c3 d5 3. exd5 Qxd5 4. d4 Nc6 5. Nf3 cxd4 6. cxd4 Nxd4 7. Nxd4 e5 8. Nc3 Bb4 9. Qa4+ Bd7 10. Qxb4 Qxd4 11. Qxd4 exd4 12. Nb5 Bxb5 13. Bxb5+ Kf8 14. O-O a6 15. Bd3 Re8 16. Bd2 g6 17. Rac1 Kg7 18. Rc7 b5 19. Ra7 Re6 20. Re1 Rb6 21. Rd7 Nf6 22. Rxd4 Rc8 23. Bc3 Kg8 24. h3 Rbc6 25. Rd1 Re6 26. Bf1 Rce8 27. Rd8 Ne4 28. Rxe8+ Rxe8 29. Re1 Re6 30. f3 Nxc3 31. Rxe6 fxe6 32. bxc3 Kf7 33. Kf2 Kf6 34. Ke3 Ke5 35. Bd3 Kd5 36. h4 e5 37. g4 Kc5 38. Ke4 Kd6 39. Bc2 a5 40. Bb3 h6 41. g5 hxg5 42. hxg5 1-0

[Event "3.Città di Padova Op.B, Elo<1900"]
[Site "Padova Ex Fornace Carotta"]
[Date "2000.12.02"]
[Round "1.26"]
[White "Spessato, Gianluca"]
[Black "Crestani, Federico"]
[Result "0-1"]
[WhiteElo "1642"]
[BlackElo "1480"]
[Annotator "Gabriele Ballarin"]
[PlyCount "50"]
[EventDate "2000.12.02"]
[EventType "swiss"]
[EventRounds "6"]
[EventCountry "ITA"]

1. d4 d5 2. c4 Nf6 3. Nc3 e6 4. cxd5 Nxd5 5. Nf3 Nxc3 6. bxc3 c5 7. e3 Nc6 8. Be2 Be7 9. O-O O-O 10. Qc2 cxd4 11. exd4 b6 12. Bd3 g6 13. Bh6 Re8 14. Bb5 Bb7 15. Qa4 Qc7 16. Qb3 a6 17. Be2 Rac8 18. Rac1 Na5 19. Qc2 Ba3 20. Rb1 b5 21. Bd2 Red8 22. Bxb5 axb5 23. Rxb5 Ba6 24. Rxa5 Qxa5 25. Re1 Bc4 0-1

[Event "3.Città di Padova Op.B, Elo<1900"]
[Site "Padova Ex Fornace Carotta"]
[Date "2000.12.02"]
[Round "1.27"]
[White "Tasson, Giovanni"]
[Black "Carlassara, Renato"]
[Result "0-1"]
[WhiteElo "1474"]
[BlackElo "1636"]
[Annotator "Gabriele Ballarin"]
[PlyCount "52"]
[EventDate "2000.12.02"]
[EventType "swiss"]
[EventRounds "6"]
[EventCountry "ITA"]

1. e4 e5 2. Nf3 Nc6 3. Bb5 a6 4. Ba4 Nf6 5. O-O Be7 6. Re1 b5 7. Bb3 O-O 8. c3 d5 9. d3 dxe4 10. dxe4 Bg4 11. Qxd8 Raxd8 12. Nbd2 Rd7 13. h3 Bh5 14. g4 Bg6 15. Bc2 Rfd8 16. Nb3 h6 17. Bd2 a5 18. a4 b4 19. Rad1 Nh7 20. Nc1 Ng5 21. Nxg5 Rxd2 22. Rxd2 Rxd2 23. Nxf7 Rxc2 24. Nxh6+ gxh6 25. Nd3 bxc3 26. bxc3 Rxc3 0-1

[Event "3.Città di Padova Op.B, Elo<1900"]
[Site "Padova Ex Fornace Carotta"]
[Date "2000.12.02"]
[Round "1.29"]
[White "Di Giacomo, Antonio"]
[Black "Quaranta, Cristiano"]
[Result "1-0"]
[WhiteElo "1633"]
[BlackElo "1468"]
[Annotator "Gabriele Ballarin"]
[PlyCount "59"]
[EventDate "2000.12.02"]
[EventType "swiss"]
[EventRounds "6"]
[EventCountry "ITA"]

1. d4 c5 2. e3 e6 3. Bd3 d5 4. c3 Nc6 5. Nf3 Nf6 6. O-O Bd6 7. Nbd2 O-O 8. Re1 Qc7 9. h3 a6 10. e4 dxe4 11. Nxe4 Nxe4 12. Bxe4 Ne7 13. Ng5 h6 14. Nf3 Bd7 15. Bd2 Bc6 16. Bc2 Bxf3 17. Qxf3 cxd4 18. Qd3 Ng6 19. cxd4 Qb6 20. h4 f5 21. Rxe6 Ne7 22. Bb3 Kh7 23. Rae1 Qd8 24. Qe3 Ng6 25. h5 Nf4 26. Rxd6 Qxd6 27. Qxf4 Qf6 28. Re6 Qd8 29. Rxh6+ gxh6 30. Qxh6# 1-0

[Event "3.Città di Padova Op.B, Elo<1900"]
[Site "Padova Ex Fornace Carotta"]
[Date "2000.12.02"]
[Round "1.30"]
[White "Moschini, Costantino"]
[Black "Goi, Veronika"]
[Result "0-1"]
[WhiteElo "1465"]
[BlackElo "1633"]
[Annotator "Gabriele Ballarin"]
[PlyCount "48"]
[EventDate "2000.12.02"]
[EventType "swiss"]
[EventRounds "6"]
[EventCountry "ITA"]

1. d4 e6 2. Nf3 d5 3. Nbd2 Nf6 4. e3 c5 5. c3 Bd6 6. Bd3 Nc6 7. O-O O-O 8. dxc5 Bxc5 9. e4 Bd6 10. Qe2 e5 11. exd5 Nxd5 12. Ne4 Bc7 13. Nfg5 Bf5 14. Qf3 Bg6 15. h4 Nf4 16. Bxf4 exf4 17. Bc2 h6 18. h5 Bf5 19. Nh3 Qh4 20. Rad1 Rad8 21. Rxd8 Rxd8 22. Rd1 Rxd1+ 23. Bxd1 Ne5 24. Qe2 f3 0-1

[Event "3.Città di Padova Op.B, Elo<1900"]
[Site "Padova Ex Fornace Carotta"]
[Date "2000.12.02"]
[Round "1.31"]
[White "Velluti, Alberto"]
[Black "Musiani, Carlo"]
[Result "1/2-1/2"]
[WhiteElo "1630"]
[BlackElo "1458"]
[Annotator "Gabriele Ballarin"]
[PlyCount "62"]
[EventDate "2000.12.02"]
[EventType "swiss"]
[EventRounds "6"]
[EventCountry "ITA"]

1. d4 g6 2. e4 Bg7 3. c4 d6 4. Nf3 Nf6 5. Nc3 O-O 6. Be2 c6 7. b4 Nbd7 8. Bb2 c5 9. bxc5 dxc5 10. d5 Nxe4 11. Nxe4 Bxb2 12. Rb1 Qa5+ 13. Qd2 Qxd2+ 14. Nfxd2 Bg7 15. O-O f5 16. Ng5 Nf6 17. Bf3 Rb8 18. Nb3 b6 19. Nxc5 h6 20. Nge6 Bxe6 21. Nxe6 Rf7 22. c5 Ne8 23. Rfe1 Bc3 24. Rec1 Be5 25. c6 Rc8 26. Be2 Nc7 27. Nxc7 Rxc7 28. d6 exd6 29. Bc4 Kf8 30. Bxf7 Rxf7 31. a4 Bd4 1/2-1/2

[Event "3.Città di Padova Op.B, Elo<1900"]
[Site "Padova Ex Fornace Carotta"]
[Date "2000.12.02"]
[Round "1.32"]
[White "Borgato, Alessandro"]
[Black "Bonani, Georg"]
[Result "1/2-1/2"]
[WhiteElo "1600"]
[BlackElo "1626"]
[Annotator "Gabriele Ballarin"]
[PlyCount "89"]
[EventDate "2000.12.02"]
[EventType "swiss"]
[EventRounds "6"]
[EventCountry "ITA"]

1. e4 e5 2. Nf3 Nc6 3. Bc4 Nf6 4. d3 Bc5 5. Bg5 d6 6. O-O Bg4 7. c3 Bb6 8. b4 a6 9. a4 O-O 10. a5 Ba7 11. Re1 h6 12. Be3 Nh7 13. Bxa7 Rxa7 14. Nbd2 Ng5 15. h3 Bh5 16. Qe2 Qf6 17. Qe3 Nxf3+ 18. Nxf3 Bxf3 19. gxf3 Qg5+ 20. Kh2 Qxe3 21. fxe3 Ne7 22. f4 Kh7 23. fxe5 dxe5 24. Rf1 f6 25. Be6 Raa8 26. Rf2 Rad8 27. d4 Nc8 28. Rg1 Nd6 29. Bf5+ Kh8 30. Rgf1 Rfe8 31. Bg6 Re7 32. Rd1 Kg8 33. dxe5 Rxe5 34. c4 Kf8 35. c5 Nf7 36. Rxd8+ Nxd8 37. Rd2 Ke7 38. Bf5 Ne6 39. Rd5 c6 40. Rxe5 fxe5 41. h4 Kf6 42. Kg3 g6 43. Bh3 h5 44. Kf3 Ke7 45. Kg3 1/2-1/2

[Event "3.Città di Padova Op.B, Elo<1900"]
[Site "Padova Ex Fornace Carotta"]
[Date "2000.12.02"]
[Round "1.33"]
[White "Favero, Graziano"]
[Black "Gobbato, Paolo"]
[Result "0-1"]
[WhiteElo "1621"]
[BlackElo "1600"]
[Annotator "Gabriele Ballarin"]
[PlyCount "99"]
[EventDate "2000.12.02"]
[EventType "swiss"]
[EventRounds "6"]
[EventCountry "ITA"]

{[%evp 0,99,22,22,56,56,50,48,31,36,88,62,92,66,73,72,194,167,205,101,97,116,116,103,120,103,97,31,33,26,33,51,39,15,16,5,16,-14,-27,-50,-61,-46,-59,-46,-80,-79,-69,-71,-37,-57,-57,-90,-33,-29,-1,-27,3,-12,-12,-8,-27,-60,-44,-83,-43,-83,-6,-6,27,-300,-290,-294,-294,-425,-352,-373,-374,-374,-313,-315,-295,-348,-354,-412,-272,-278,-229,-220,-221,-254,-159,-171,-135,-135,-109,-259,-153,-152,-104,-140,-81,-114]} 1. e4 c5 2. Nf3 e6 3. d4 cxd4 4. Nxd4 a6 5. Nc3 Qc7 6. Be2 b5 7. a3 b4 8. axb4 Bxb4 9. O-O Bb7 10. Ra4 Bxc3 11. Rc4 Qd8 12. Rxc3 Bxe4 13. Re3 Nf6 14. Rg3 Bg6 15. f4 Ne4 16. Rb3 f5 17. g4 O-O 18. gxf5 exf5 19. Bc4+ Bf7 20. Bxf7+ Rxf7 21. Ne6 Qe7 22. Qd5 Nc6 23. Ng5 Qc5+ 24. Qxc5 Nxc5 25. Rh3 Rf6 26. Nxh7 Rg6+ 27. Ng5 Ne4 28. Rd3 d6 29. Rfd1 Nb4 30. Rb3 Nxc2 31. Rd5 Rf8 32. Kf1 Nxg5 33. fxg5 Re8 34. Rb6 Re1+ 35. Kf2 Rxc1 36. Rc6 Nb4 37. Rxc1 Nxd5 38. h4 Nf4 39. Kf3 Ne6 40. Ke3 Nc5 41. b4 Ne4 42. Kf4 Re6 43. Kxf5 Re8 44. Rc6 Re5+ 45. Kf4 Nf2 46. Rxd6 Rb5 47. Rc6 Rb8 48. Rxa6 Kf8 49. Kg3 Ne4+ 50. Kf4 {Nur} 0-1

[Event "3.Città di Padova Op.B, Elo<1900"]
[Site "Padova Ex Fornace Carotta"]
[Date "2000.12.02"]
[Round "1.34"]
[White "Spinoso, Giovanni"]
[Black "Quaranta, Gaetano"]
[Result "0-1"]
[WhiteElo "1452"]
[BlackElo "1609"]
[Annotator "Gabriele Ballarin"]
[PlyCount "116"]
[EventDate "2000.12.02"]
[EventType "swiss"]
[EventRounds "6"]
[EventCountry "ITA"]

1. e4 e5 2. Nf3 Nc6 3. Bb5 a6 4. Bxc6 dxc6 5. O-O f6 6. d4 exd4 7. Nxd4 Bc5 8. Nb3 Qxd1 9. Rxd1 Be6 10. Nc3 Bd6 11. Be3 O-O-O 12. Nd4 Bd7 13. Nf5 Bxf5 14. exf5 Ne7 15. g4 h5 16. f3 hxg4 17. fxg4 Bxh2+ 18. Kg2 Bd6 19. Rh1 Be5 20. Rxh8 Rxh8 21. Ne4 Rh2+ 22. Kf3 Rxc2 23. Rh1 Rh2 24. Rxh2 Bxh2 25. Nc5 g6 26. Ke4 gxf5+ 27. gxf5 Nd5 28. Bd4 Bd6 29. Nd3 Kd7 30. Bc5 b6 31. Bf2 Nb4 32. Nxb4 Bxb4 33. Bh4 Ke7 34. b3 Bd6 35. Kd3 Be5 36. a4 Kd6 37. Kc4 Ba1 38. Bg3+ Be5 39. Bh4 b5+ 40. Kb4 bxa4 41. Kxa4 Bc3 42. Bg3+ Be5 43. Bh4 Kd5 44. Ka5 Ke4 45. Kxa6 Kxf5 46. Kb7 c5 47. Kc6 Bd6 48. Bf2 Ke4 49. Bxc5 Bxc5 50. Kxc5 f5 51. b4 f4 52. b5 f3 53. Kc6 f2 54. Kxc7 f1=Q 55. b6 Qc4+ 56. Kb7 Kd5 57. Kb8 Kc6 58. b7 Qb5 0-1

[Event "3.Città di Padova Op.B, Elo<1900"]
[Site "Padova Ex Fornace Carotta"]
[Date "2000.12.02"]
[Round "1.35"]
[White "Forapan, Fabio"]
[Black "Pilotto, Alessandro"]
[Result "0-1"]
[WhiteElo "1606"]
[BlackElo "1600"]
[Annotator "Gabriele Ballarin"]
[PlyCount "108"]
[EventDate "2000.12.02"]
[EventType "swiss"]
[EventRounds "6"]
[EventCountry "ITA"]

1. e4 e5 2. Nf3 d6 3. d4 Nc6 4. Bb5 exd4 5. Nxd4 Bd7 6. Nxc6 bxc6 7. Bc4 Nf6 8. Nc3 Be7 9. O-O O-O 10. f3 h6 11. Be3 c5 12. Qe2 Rb8 13. Rfd1 Qc8 14. Nd5 Nxd5 15. Bxd5 Rxb2 16. Bb3 Bf6 17. Rac1 a5 18. Qc4 Be6 19. Qa4 Bxb3 20. axb3 Qa6 21. Kf2 Rb8 22. Rd5 Qb6 23. Kg3 c6 24. Rd3 Qb5 25. Qxb5 cxb5 26. f4 Be7 27. Rd5 a4 28. bxa4 bxa4 29. Rd3 Ra2 30. Kf3 Ra8 31. c4 Ra6 32. Rcc3 Bf6 33. Ra3 Rc2 34. e5 dxe5 35. fxe5 Bxe5 36. Bxc5 Rxc4 37. Bf2 Rf6+ 38. Ke3 Bb2 39. Ra2 a3 40. Bg3 Re6+ 41. Kd2 Rec6 42. Bd6 Rc2+ 43. Kd1 Rc1+ 44. Ke2 R6c2+ 45. Kf3 Rc3 46. Rxc3 Rxc3+ 47. Ke2 f6 48. Bb4 Rb3 49. Bc5 Kf7 50. Kd2 Ke6 51. Bf8 Kf7 52. Bc5 Rc3 53. Bd4 Rb3 54. Bxb2 axb2 0-1

[Event "3.Città di Padova Op.B, Elo<1900"]
[Site "Padova Ex Fornace Carotta"]
[Date "2000.12.02"]
[Round "1.36"]
[White "Verdi, Ruben"]
[Black "Solinas, Roberto"]
[Result "0-1"]
[WhiteElo "1443"]
[BlackElo "1606"]
[Annotator "Gabriele Ballarin"]
[PlyCount "142"]
[EventDate "2000.12.02"]
[EventType "swiss"]
[EventRounds "6"]
[EventCountry "ITA"]

1. e4 c6 2. d4 d5 3. exd5 cxd5 4. Nf3 Bg4 5. Bf4 e6 6. c3 Nf6 7. Nbd2 Bd6 8. Qa4+ Nc6 9. Bxd6 Qxd6 10. Ne5 O-O 11. f4 a6 12. Bd3 Bf5 13. Qc2 Bxd3 14. Qxd3 b5 15. a3 Nd7 16. O-O f6 17. Nxd7 Qxd7 18. Rae1 Rae8 19. Nb3 Nd8 20. Nc5 Qc6 21. h4 Nb7 22. Nxb7 Qxb7 23. Re3 Qf7 24. Qe2 Re7 25. f5 Rfe8 26. Re1 e5 27. h5 e4 28. Qg4 Kh8 29. Kf2 Rg8 30. Rh1 h6 31. Qf4 Rd8 32. Rh4 Qe8 33. Qh2 Qd7 34. Qf4 Qc7 35. Qg4 Qd7 36. Rhh3 Rc8 37. Rhg3 Qe8 38. Qh3 Rec7 39. Rg6 a5 40. Qg3 Qf8 41. Qf4 b4 42. axb4 axb4 43. cxb4 Rc2+ 44. Re2 Rxe2+ 45. Kxe2 Rc2+ 46. Kf1 Rxb2 47. Qc7 Rxb4 48. Qa7 Rb2 49. Rg3 Rb1+ 50. Ke2 Rb2+ 51. Kf1 Rb8 52. Qd7 Rd8 53. Qc6 Qd6 54. Qxd6 Rxd6 55. Ke2 Rc6 56. Ke3 Rc4 57. Rh3 Rc3+ 58. Kd2 Rxh3 59. gxh3 Kg8 60. Ke3 Kf7 61. Kd2 Ke7 62. Kc3 Kd6 63. Kb4 Kc6 64. h4 Kb6 65. Kc3 Ka5 66. Kb3 Kb5 67. Kc3 Ka4 68. Kb2 Kb4 69. Kc2 Kc4 70. Kd2 Kxd4 71. Ke2 Ke5 0-1

[Event "3.Città di Padova Op.B, Elo<1900"]
[Site "Padova Ex Fornace Carotta"]
[Date "2000.12.02"]
[Round "1.37"]
[White "Pavon, Michele"]
[Black "Galiano, Salvatore"]
[Result "1-0"]
[WhiteElo "1603"]
[BlackElo "1416"]
[Annotator "Gabriele Ballarin"]
[PlyCount "105"]
[EventDate "2000.12.02"]
[EventType "swiss"]
[EventRounds "6"]
[EventCountry "ITA"]

1. e4 c5 2. Nf3 e6 3. d4 cxd4 4. Nxd4 e5 5. Nb5 d6 6. N1c3 a6 7. Na3 Nc6 8. Nd5 b5 9. c3 Nf6 10. Bg5 Be6 11. Bxf6 gxf6 12. Qf3 Bg7 13. Nc2 Bxd5 14. exd5 Ne7 15. Bd3 Ng6 16. Nb4 O-O 17. Nc6 Qc7 18. O-O Ne7 19. Nxe7+ Qxe7 20. Qf5 Rfc8 21. Qxh7+ Kf8 22. Rfe1 Rc5 23. Re3 f5 24. Bxf5 Rxd5 25. Be4 Rd2 26. Bxa8 Qf6 27. Rf3 Qg5 28. Rg3 Qf6 29. Rf3 Qg5 30. Qf5 Qxf5 31. Rxf5 Rxb2 32. Bd5 f6 33. g3 Rc2 34. Rf3 Rd2 35. Bb7 a5 36. a4 Rb2 37. Bc6 b4 38. cxb4 Rxb4 39. Rd1 Ke7 40. Rfd3 Ke6 41. Rxd6+ Kf5 42. Bd7+ Kg6 43. Ra6 Bf8 44. Rxa5 Rb2 45. Rad5 Rc2 46. R5d2 Rc7 47. Ra2 Rb7 48. a5 Bc5 49. a6 Rc7 50. Kg2 Ba7 51. h4 Bd4 52. Rxd4 exd4 53. a7 1-0

[Event "3.Città di Padova Op.B, Elo<1900"]
[Site "Padova Ex Fornace Carotta"]
[Date "2000.12.03"]
[Round "2.1"]
[White "Busi, Massimo"]
[Black "Vismara, Daniele"]
[Result "0-1"]
[WhiteElo "1672"]
[BlackElo "1886"]
[Annotator "Gabriele Ballarin"]
[PlyCount "77"]
[EventDate "2000.12.02"]
[EventType "swiss"]
[EventRounds "6"]
[EventCountry "ITA"]

{[%evp 0,77,22,22,56,37,38,5,19,23,17,40,45,13,27,-5,8,-7,4,-28,-50,-63,-55,-62,-41,-42,-44,-47,-53,-58,-62,-73,-47,-52,63,-85,-90,-103,-104,-104,-78,-97,-91,-84,-74,-93,-33,-121,-84,-167,-160,-160,-186,-185,-160,-167,-87,-190,-189,-219,-123,-129,0,-30,69,-111,-130,-152,-142,-146,-143,-171,-129,-131,-135,-127,-135,-141,-123,-143]} 1. e4 c5 2. d4 cxd4 3. c3 dxc3 4. Nxc3 Nc6 5. Nf3 a6 6. Bc4 e6 7. a3 Nge7 8. Bg5 f6 9. Bh4 b5 10. Ba2 Ng6 11. Bg3 Bc5 12. O-O O-O 13. Rc1 Ba7 14. Bd6 Re8 15. h4 Nge5 16. Nxe5 Nxe5 17. Qe2 Nf7 18. Bg3 Bb7 19. Rfd1 Bc6 20. Rd2 Qb6 21. b4 Qb7 22. Kh1 d5 23. f3 Rad8 24. exd5 exd5 25. Qd1 Be3 26. Rcc2 d4 27. Rd3 Qd7 28. Nb1 Rc8 29. Rc5 Bb7 30. Rxc8 Qxc8 31. Nd2 Qf5 32. Bb1 Qh5 33. Ba2 Bd5 34. Bxd5 Qxd5 35. Qb3 Qxb3 36. Nxb3 Ne5 37. Bxe5 fxe5 38. Nc5 Ra8 39. g3 {Nur} 0-1